| 000 | 00670nam a2200193 i 4500 | ||
|---|---|---|---|
| 001 | 150438 | ||
| 003 | ES-MaACL | ||
| 005 | 20231228201715.0 | ||
| 007 | t| | ||
| 008 | 071030s1965 sp ||||1| spa d | ||
| 100 | 1 |
_aValcarce Alfayate, Enrique. _9112463 |
|
| 245 | 1 | 0 |
_aCoexistencia y convivencia _b: reflexiones / _cEnrique Valcarce Alfayate ; prólogo de Joaquín Ruiz-Giménez. |
| 260 |
_aMadrid : _bEdiciones y Publicaciones Españolas, _c1965. |
||
| 300 |
_aXX, 216 p. ; _c19 cm. |
||
| 650 |
_aRelaciones internacionales. _916783 |
||
| 700 | 1 |
_aRuiz-Giménez, Joaquín, _d1913-2009 _9100820 |
|
| 852 |
_aES-MaACL _jC-27731 |
||
| 999 |
_c150438 _d150438 |
||